| 000 | 00583nmm a2200169Ia 4500 | ||
|---|---|---|---|
| 008 | 251105s9999||||xx |||||||||||||||||und|| | ||
| 020 | _a9789587840889 | ||
| 041 | _aspa | ||
| 100 | _aGonzález Cortés, Juan Pablo | ||
| 245 | 0 | _aAcuerdo de París sobre cambio climático e instrumentos conexos: ¿pueden quitarnos la venda de los ojos? | |
| 264 |
_a[Bogotá, Colombia] : _bUniversidad del Rosario, _c2018 |
||
| 300 | _a138 páginas | ||
| 490 | _aGestión ambiental | ||
| 650 | _aEnvironmental Sciences | ||
| 856 | _uhttps://public.digitaliapublishing.com/a/55083 | ||
| 942 | _cCF | ||
| 999 |
_c96375 _d96375 |
||